000 00731nam a2200265Ia 4500
005 20260121165925.0
008 008 260114s9999 xx 000 0 eng d
020 _a9783319471693
037 _aEBOOK
040 _aCRL
040 _beng
040 _cCRL
041 _2eng
041 _aeng
084 _qCRL
100 _aTiziana Margaria, Bernhard Steffen
_91057679
245 0 _aLeveraging Applications of Formal Methods, Verification and Validation: Discussion, Dissemination, Applications
260 _bSpringer
260 _bSpringer
260 _c2016
856 _uhttps://link.springer.com/openurl?genre=book&isbn=978-3-319-47169-3
942 _cEBOOK
999 _c1623408
_d1623408